[Event "Borisoglebsk Bocharov Memorial 7th"]
[Site "Borisoglebsk"]
[Date "2007.02.28"]
[Round "9"]
[White "Korovin, Viktor"]
[Black "Sinibabnov, Nikolai"]
[Result "1-0"]
[WhiteElo "2087"]
[BlackElo "1703"]
[PlyCount "53"]
[EventDate "2007.02.24"]
[EventType "tourn"]
[EventRounds "11"]
[EventCountry "RUS"]
[SourceTitle "EXT 2010"]
[Source "ChessBase"]
[SourceDate "2010.11.25"]
[SourceVersion "1"]
[SourceVersionDate "2010.11.25"]
[SourceQuality "1"]

1. c4 c5 2. Nc3 Nc6 3. Nf3 g6 4. d4 cxd4 5. Nxd4 Bg7 6. Nxc6 bxc6 7. e4 Ba6 8. Be3 Nf6 9. e5 Ng8 10. f4 d5 11. Qa4 Bxc4 12. Bxc4 dxc4 13. Qxc6+ Kf8 14. Qxc4 Rc8 15. Qa6 Nh6 16. Rd1 Qc7 17. Nd5 Qc6 18. Qxc6 Rxc6 19. Nb4 Rc8 20. Bxa7 f6 21. 0-0 Nf5 22. Rd7 Rc4 23. e6 Bh6 24. Nd5 Re4 25. g4 Nd4 26. Bxd4 Rxd4 27. g5 1-0

[Event "Borisoglebsk Bocharov Memorial 7th"]
[Site "Borisoglebsk"]
[Date "2007.02.27"]
[Round "7"]
[White "Surov, Sergey"]
[Black "Sinibabnov, Nikolai"]
[Result "1-0"]
[WhiteElo "2320"]
[BlackElo "1703"]
[PlyCount "125"]
[EventDate "2007.02.24"]
[EventType "tourn"]
[EventRounds "11"]
[EventCountry "RUS"]
[SourceTitle "EXT 2010"]
[Source "ChessBase"]
[SourceDate "2010.11.25"]
[SourceVersion "1"]
[SourceVersionDate "2010.11.25"]
[SourceQuality "1"]

1. e4 c5 2. Nc3 g6 3. Nf3 Bg7 4. d4 cxd4 5. Nxd4 Nc6 6. Be3 d6 7. Qd2 Nf6 8. f3 Bd7 9. 0-0-0 0-0 10. h4 h5 11. Bc4 a6 12. Kb1 b5 13. Nxc6 Bxc6 14. Bd5 b4 15. Ne2 Bxd5 16. exd5 a5 17. Bh6 Qb6 18. Bxg7 Kxg7 19. Qg5 Nh7 20. Qf4 a4 21. Qd4+ Qxd4 22. Nxd4 Nf6 23. Nc6 b3 24. cxb3 axb3 25. axb3 Nd7 26. Rhe1 Rfe8 27. Rxe7 Rxe7 28. Nxe7 Rb8 29. Kc2 Nc5 30. Nc6 Rxb3 31. Nd4 Rb7 32. Rb1 Kf6 33. b4 Nd7 34. Nc6 Rb5 35. Rd1 Nb6 36. Kc3 Rxd5 37. Rxd5 Nxd5+ 38. Kc4 Ne3+ 39. Kd4 Nc2+ 40. Kd5 Na3 41. Kxd6 g5 42. hxg5+ Kxg5 43. Ke5 f6+ 44. Ke4 h4 45. Nd4 h3 46. gxh3 Kh4 47. b5 Nc4 48. Kd5 Nb6+ 49. Ke6 Kxh3 50. Kxf6 Kg3 51. Ke5 Nc4+ 52. Kd5 Nb6+ 53. Kc6 Nc4 54. Kd5 Nb6+ 55. Ke4 Kh4 56. Nf5+ Kg5 57. Ne3 Nc8 58. f4+ Kf6 59. Kd5 Ke7 60. Ke5 Kd7 61. Nc4 Ne7 62. f5 Kc7 63. Ke6 1-0

[Event "Borisoglebsk Bocharov Memorial 7th"]
[Site "Borisoglebsk"]
[Date "2007.02.25"]
[Round "3"]
[White "Rodin, Dmitrij"]
[Black "Sinibabnov, Nikolai"]
[Result "1-0"]
[WhiteElo "2442"]
[BlackElo "1703"]
[PlyCount "53"]
[EventDate "2007.02.24"]
[EventType "tourn"]
[EventRounds "11"]
[EventCountry "RUS"]
[SourceTitle "EXT 2010"]
[Source "ChessBase"]
[SourceDate "2010.11.25"]
[SourceVersion "1"]
[SourceVersionDate "2010.11.25"]
[SourceQuality "1"]

1. e4 c5 2. Nf3 Nc6 3. d4 cxd4 4. Nxd4 Nf6 5. Nc3 e5 6. Ndb5 d6 7. Bg5 a6 8. Na3 b5 9. Nd5 Be7 10. Bxf6 gxf6 11. c3 f5 12. Bd3 f4 13. g3 h5 14. Nc2 Bg5 15. h4 Be7 16. Be2 fxg3 17. fxg3 Rg8 18. Qd3 Bg4 19. 0-0-0 Qa5 20. Kb1 Qd8 21. Rhf1 Ra7 22. Bxg4 hxg4 23. Nce3 b4 24. Nf5 bxc3 25. Ndxe7 c2+ 26. Qxc2 Nxe7 27. Nxd6+ 1-0

[Event "Borisoglebsk Bocharov Memorial 7th"]
[Site "Borisoglebsk"]
[Date "2007.02.24"]
[Round "1"]
[White "Lukovnikov, Alexander"]
[Black "Sinibabnov, Nikolai"]
[Result "1-0"]
[WhiteElo "2363"]
[BlackElo "1703"]
[PlyCount "45"]
[EventDate "2007.02.24"]
[EventType "tourn"]
[EventRounds "11"]
[EventCountry "RUS"]
[SourceTitle "EXT 2010"]
[Source "ChessBase"]
[SourceDate "2010.11.25"]
[SourceVersion "1"]
[SourceVersionDate "2010.11.25"]
[SourceQuality "1"]

1. e4 c5 2. Nf3 Nc6 3. Bb5 d6 4. d4 cxd4 5. Qxd4 Bd7 6. Bxc6 Bxc6 7. Nc3 Nf6 8. Bg5 d5 9. Bxf6 dxe4 10. Bxg7 exf3 11. Bxh8 fxg2 12. Rg1 f6 13. Qh4 Bf3 14. Qf4 Bc6 15. Qf5 Qc7 16. Qh5+ Kd8 17. 0-0-0+ Kc8 18. Rxg2 Qf4+ 19. Kb1 Bxg2 20. Qe8+ Kc7 21. Qxa8 Bh6 22. Qd8+ Kc6 23. Qd7+ 1-0